000 00789nas a2200265 4500
001 BR6007838
003 BR-BrBNA
005 20231205082032.0
007 ta
008 230509b bl.|||p| |||| 00| 00por d
040 _aBR-BrBNA
_bpor
_cBiblioteca Nacional de Agricultura
041 _a(Pt)
072 _aL10
100 1 _aZancaner, A.
245 1 _aA producao animal vista por um criador [bovino, fecundacao animal, prenhez]
650 _aMELHORAMENTO GENETICO ANIMAL
650 _aBOVINO
650 _aFERTILIDADE ANIMAL
650 _aPRENHEZ
650 _aNOVILHO
650 _aFECUNDACAO ANIMAL
773 0 _tRevista dos Criadores (Brazil)
_xISSN 0034-9259
_g(Feb 1978), v. 48 (557) p. 23-26
_wBR6007838
909 _a202311
_bLúcia
_c55
_dLúcia Elande
942 _2AGRIS
_n0
_cANA
999 _c88727
_d88727